Imiona i Nazwiska członków TEAM X - Statystyki

Ogólne statystyki
  • Ten quiz został rozwiązany 765 razy
  • Średni wynik to 6 z 11
Statystyki odpowiedzi
Nick Imię i Nazwisko % Poprawnych
Marcin Marcin Dubiel
97%
Julia Julia Kostera
94%
Lexy Lexy Chaplin
94%
Kacper Kacper Błoński
90%
Michał Michał Gała
72%
Agata Agata Fąk
70%
Natsu Natalia Karczmarczyk
65%
Stuu Stuart Kluz-Burton
18%
Anka Anna Wójcik
8%
The High Boss Xavier Pniewski
7%
Czarek Cezary Gołębiewski
6%
Nie znaleziono quizów pasujących do podanych kryteriów
Rozkład punktacji
Procent ludzi z każdym wynikiem
Percentyl według liczby udzielonych odpowiedzi
Twoja historia wyników
Nie rozwiązałeś tego quizu